01016nam a2200205 a 450000100100000000500170001000800410002704000250006810000370009324500510013026000490018130000360023050000620026604900090032895201200033795201200045795201110057795201050068899900170079300002232820200930011704.0100927s1980 dr 001 0 spa d aDO-SdBNPbspacBNPHU1 aFerreras, Ramón Alberto91129810aCastillo con amor /cRamón Alberto Ferreras. aSanto Domingo :bEditora Impresmundo,c1980. a158 p. :bil., retrs. ;c19 cm. aIncluye datos biográficos del autor en la cotracubierta aBNPD 001054708DSaGRbGRcCTd2010-09-27iLF1l0o p22328-30r2020-06-25te. 3w2020-06-25yLFDSZPréstamo en sala 001054708DSaGRbGRcCTd2010-09-27iLF1l0o p22328-40r2020-06-25te. 4w2020-06-25yLFDSZPréstamo en sala 0010718PDaPDbPDcCTd2010-09-27iLF1l0o p22328-10r2020-06-25te. 2w2020-06-25yLFPDZNo se presta 0010718PDaPDbPDcCTd2010-09-27iLF1l0o p22328-20r2020-06-25w2020-06-25yLFPDZNo se presta c21826d21826